000 01096cam a22003014a 4500
999 _c7792
_d7792
001 12206496
003 OSt
005 20200116103657.0
008 001020s2002 njua b 001 0 eng
010 _a 00051656
020 _a9788131754467
040 _aDLC
_cDLC
_dDLC
042 _apcc
050 0 0 _aHG4011
_b.V34 2002
082 0 0 _a658.15
_221
_bHOR/F
100 _a Van Horne, James C
_91138
245 1 0 _aFinancial management and policy /
_cJames C. Van Horne.
246 1 8 _aFinancial management & policy
250 _a12th ed.
260 _aIndia :
_bDorling Kindersly,
_cc2012.
300 _axxiii, 940 p. :
_bill. (some col.) ;
_c26 cm.
440 0 _aPrentice Hall finance series
504 _aIncludes bibliographical references and index.
650 0 _aCorporations
_xFinance.
906 _a7
_bcbc
_corignew
_d1
_eocip
_f20
_gy-gencatlg
942 _2ddc
_cBK
_h658.15
_iHOR/F
_k658.15
_mHOR/F